000 00346 a2200145 4500
999 _c11351
_d11351
003 OSt
005 20230320193803.0
008 230320b ||||| |||| 00| 0 eng d
020 _a9781444632187
082 _a576.8
_bTHO
100 _aPatrick geddes, John Arthur Thomson
245 _aEvolution
260 _bWilliams and Norgate
942 _2ddc